Čína - Císařova závěť

Saved in:
Bibliographic Details
Main Author Válková, Veronika
Format Electronic eBook
LanguageCzech
Published Bambook 2026
Edition1. elektronické vydání
Subjects
Online AccessDostupné v BOOKPORT po přihlášení pomocí eduID
ISBN978-80-271-6416-5
978-80-271-6417-2
978-80-271-5061-8
Physical Description1 online zdroj (176 stran)

Cover

LEADER 00000nam a2200000 i 4500
001 bkp13784
003 CZ-prgp
005 20260526115915.0
006 m o d
007 cr cn
008 260526s2026 xr o 000 0 cze
020 |a 978-80-271-6416-5  |c 237 Kč  |q (online ; pdf) 
020 |a 978-80-271-6417-2  |c 237 Kč  |q (online ; epub) 
020 |a 978-80-271-5061-8  |c 279 Kč  |q (print) 
040 |a Grada  |b cze  |e rda 
100 1 |a Válková, Veronika 
245 1 0 |a Čína - Císařova závěť  |c Veronika Válková 
250 |a 1. elektronické vydání 
264 1 |b Bambook  |c 2026 
300 |a 1 online zdroj (176 stran) 
336 |a text  |b txt  |2 rdacontent 
337 |a počítač  |b c  |2 rdamedia 
338 |a online zdroj  |b cr  |2 rdacarrier 
520 3 |a Bára se roku 1722 ocitá v Číně uprostřed palácových intrik, kde musí rozluštit řadu záhad - od únosu adepta úřednických zkoušek přes falešnou císařovu závěť až po tajemství přítomnosti jezuitů v Pekingu a podivnou roli pejska Snížka i kočičí bohyně Li-šou. 
650 0 4 |a Dobrodružství, napětí, fantasy 
856 4 0 |u https://www.bookport.cz/AccountSaml/SignIn/?idp=https://shibboleth.utb.cz/idp/shibboleth&returnUrl=/kniha/cina-cisarova-zavet-16131/  |y Dostupné v BOOKPORT po přihlášení pomocí eduID